| 000 | 01134cam a2200373Ma 4500 | ||
|---|---|---|---|
| 001 | ocn794965018 | ||
| 003 | OCoLC | ||
| 005 | 20210125113324.0 | ||
| 008 | 070315s2006 nyu 001 0 eng d | ||
| 040 |
_aILZAC _beng _cILZAC _dOCLCQ _dEUX _dOCLCF _dOCLCO _dOCLCQ |
||
| 020 | _a1405824042 | ||
| 020 | _a9781405824040 | ||
| 029 | 1 |
_aZWZ _b120531399 |
|
| 035 | _a(OCoLC)794965018 | ||
| 043 | _ae-uk--- | ||
| 050 | 4 |
_aKD1629.5 _b.K44 2006 |
|
| 049 | _aTZAA | ||
| 100 | 1 | _aKeenan, Denis J. | |
| 245 | 1 | 0 |
_aSmith and Keenan's law for business / _cDenis J. Keenan, Kenneth Smith. |
| 246 | 3 | _aSmith & keenan's law for business | |
| 246 | 3 | _aLaw for business | |
| 250 | _a13th ed. | ||
| 260 |
_aNew York : _bPearson Longman, _c2006. |
||
| 300 | _axli, 682 pages | ||
| 336 |
_atext _btxt _2rdacontent |
||
| 337 |
_aunmediated _bn _2rdamedia |
||
| 338 |
_avolume _bnc _2rdacarrier |
||
| 500 | _aIncludes index. | ||
| 650 | 0 |
_aCommercial law _zGreat Britain. |
|
| 650 | 7 |
_aCommercial law. _2fast _0(OCoLC)fst00869502 _913554 |
|
| 651 | 7 |
_aGreat Britain. _2fast _0(OCoLC)fst01204623 |
|
| 700 | 1 | _aSmith, Kenneth. | |
| 994 |
_aC0 _bTZACH |
||
| 999 |
_c6211 _d6211 |
||